Pagamento por servicos ambientais de protecao as nascentes como forma de sustentabilidade e preservacao ambiental

-д хадгалсан:
Номзүйн дэлгэрэнгүй
Үндсэн зохиолч: Teixeira, Carlos Geraldo (Зохиогч)
Формат: Ном
Хэл сонгох:португал
Хэвлэсэн: Brasilia Conselho da Justica Federal 2012
Цуврал:Monografias do CEJ, 13
Нөхцлүүд:
Шошгууд: Шошго нэмэх
Шошго байхгүй, Энэхүү баримтыг шошголох эхний хүн болох!

MARC

LEADER 00000cam a2200000 a 4500
001 UCF5576
003 CL-VaPUC
008 130318e20120000BL |||||||||||||||||por|d
020 |a 9788585572969 
082 0 4 |a 344.046  |b TEI  |2 21 
100 0 |a Teixeira, Carlos Geraldo  |e author  |9 567521 
245 1 0 |a Pagamento por servicos ambientais de protecao as nascentes como forma de sustentabilidade e preservacao ambiental 
300 |a 244 p 
942 |c BK 
945 |d 20130318 00:00:00  |a dcastane 
260 |a Brasilia  |b Conselho da Justica Federal  |c 2012 
650 0 |a Derecho ambiental   |9 257835 
650 0 |a Protección del medio ambiente  |9 257626 
583 |a last modification  |c 20130318 11:20:00  |k Rodrigo Vera 
490 0 |a Monografias do CEJ, 13 
999 |c 351074  |d 351072 
952 |0 0  |1 0  |4 0  |6 344_046000000000000_TEI_2012  |7 0  |8 A  |9 454953  |a BIBING  |b BIBING  |d 2019-11-22  |i 4949943  |o 344.046 TEI 2012  |p 4949943  |r 2025-01-20  |w 2019-11-22  |y BK  |k GEO